[Event "10th Mumbai Mayors Cup 2017"]
[Site "Mumbai"]
[Date "2017.06.10"]
[Round "9"]
[White "Rathnakaran, K."]
[Black "Ramakrishna, J.."]
[Result "1-0"]
[WhiteElo "2378"]
[BlackElo "2157"]
[Annotator "TA"]
[PlyCount "93"]
[EventDate "2017.06.04"]
[EventType "swiss"]
[EventCountry "IND"]
[SourceTitle "playchess.com"]
[Source "ChessBase"]
[SourceQuality "1"]

{[%evp 21,93,4,13,17,4,-22,0,-58,-65,-55,-59,-68,-9,-33,127,129,169,164,194,200,203,177,402,400,388,390,394,387,374,367,529,518,528,516,525,215,29974,29975,4818,753,715,715,622,556,29975,29974,29976,29976,29976,29964,29978,29975,29974,29975,29972,29969,29963,5122,29981,29982,29983,29984,29984,29985,29985,29986,29985,29986,29987,29988,29989,29990,29994,29995]} 1. e4 c5 2. Nf3 d6 3. d4 cxd4 4. Nxd4 Nf6 5. Nc3 g6 6. Be3 Bg7 7. f3 Nc6 8. Qd2 O-O 9. O-O-O d5 10. Kb1 Nxd4 11. e5 Nxf3 12. gxf3 {B76: Sicilian Dragon: Yugoslav Attack, 9 g4 and 9 0-0-0} Nh5 $1 13. f4 (13. Nxd5 Be6 14. Bc4 Bxe5 15. Bh6 Bg7 16. Bxg7 Nxg7 17. Qb4 Bxd5 18. Bxd5 Qc7 19. Qxb7 Rac8 20. Qxc7 Rxc7 {½-½ (45) Oskulski,J (2495)-Haugen,A (2591) ICCF email 2007}) 13... Bg4 14. Be2 ({White should play} 14. Re1 $11) 14... Bxe2 $15 15. Qxe2 e6 16. Rhg1 $146 ({Predecessor:} 16. f5 exf5 17. Nxd5 Qh4 18. Rd4 Qh3 19. Bg5 f4 {½-½ (85) Szieberth,A (2376)-Krumphals,F (2171) Szombathely 2003}) 16... f5 (16... Qa5 $15) 17. Nb5 Kh8 $2 {[#]} (17... a6 $15 {stays ahead.} 18. Nd6 Qh4) 18. c4 $1 $16 a6 19. Nd6 Qh4 20. cxd5 exd5 21. Qf3 Qxh2 $2 (21... Rab8 {was worth a try.} 22. Rxd5 Bh6) 22. Rg5 $18 Rac8 23. Nxc8 Rxc8 24. Rg2 Qh4 25. Rxd5 Bh6 (25... Bf8 $142 26. Rg1 Qe7) 26. Rd1 Bxf4 27. Qxb7 Re8 28. Rd7 $40 {[%mdl 128] White goes for the king.} (28. Bf2 $142 Qh3 29. Bd4) 28... Nf6 $2 (28... Ng7 $18 29. Re2 (29. Rxg7 Bxe3 30. Re2 f4 $16) (29. Bxf4 Qxf4 30. Qxa6 Qxe5 $16) 29... Bxe3) 29. exf6 Bxe3 30. Rxh7+ (30. Re2 $142 Qe4+ 31. Qxe4 fxe4 32. Rxe3) 30... Qxh7 {[#]} 31. Rh2 $1 {[%csl Gh2][%cal Rb7h7][%mdl 512]} Bh6 (31... Qxh2 32. Qg7#) 32. Qh1 Kg8 33. Rxh6 Re1+ 34. Qxe1 {[%cal Re1e8]} Qxh6 {[%mdl 4096] Endgame KQ-KQ} 35. Qe8+ Kh7 36. f7 {[%csl Gf7][%cal Re8g8]} Qh1+ 37. Kc2 Qg2+ 38. Kc3 Qg3+ 39. Kb4 Qd6+ 40. Ka4 {White mates.} Qd4+ 41. b4 {[%cal Bb2b4,Bb4b5][%mdl 32]} Qd1+ 42. Ka5 Qd5+ 43. b5 Qd2+ 44. Kb6 Qd6+ 45. Kb7 Qd5+ 46. Ka7 axb5 47. Qg8+ {Precision: White = 60%, Black = 35%.} 1-0

[Event "10th Mumbai Mayors Cup 2017"]
[Site "Mumbai"]
[Date "2017.06.10"]
[Round "9"]
[White "Saravana, Krishnan P"]
[Black "Ghosh, Diptayan"]
[Result "0-1"]
[WhiteElo "2353"]
[BlackElo "2569"]
[Annotator "TA"]
[PlyCount "106"]
[EventDate "2017.06.04"]
[EventType "swiss"]
[EventCountry "IND"]
[SourceTitle "playchess.com"]
[Source "ChessBase"]
[SourceQuality "1"]

{[%evp 15,106,-18,-14,-42,-26,-43,-12,-27,-18,-17,-14,-20,0,-9,0,0,0,-18,-9,-9,25,18,21,-72,-73,-75,-64,-81,-72,-101,-65,-87,-89,-91,-42,-91,-93,-97,-90,-82,-52,-72,-41,-50,-34,-45,-21,-36,-12,-100,-70,-74,-70,-70,-72,-64,-64,-156,-163,-186,-141,-133,-122,-133,-108,-82,-101,-127,-98,-195,-183,-179,-175,-182,-185,-240,-233,-227,-239,-235,-200,-736,-720,-958,-951,-12830,-12831,-12834,-12832,-12834,-1189,-12835,-12827]} 1. e4 e6 2. Nf3 d5 3. Nc3 Nf6 4. e5 Nfd7 5. d4 c5 6. dxc5 Nc6 7. Bf4 Bxc5 8. Bd3 a6 9. Qe2 {C11: French: Classical System: 4 e5 and 4 Bg5 dxe4} (9. Qd2 b5 10. h4 Qb6 11. Kf1 f6 12. exf6 Nxf6 13. Re1 O-O 14. h5 Ra7 15. Rh4 Re7 16. h6 g6 {1-0 (47) Nepomniachtchi,I (2602)-Volkov,S (2636) Novokuznetsk 2008}) 9... h6 10. h4 Be7 11. h5 {The position is equal.} Nc5 12. Rh3 b5 13. a3 Nxd3+ $146 ({Predecessor:} 13... b4 14. axb4 Nxd3+ 15. cxd3 Rb8 16. b5 axb5 {1-0 (41) Gunnarsson,J (2429)-Thompson,I (2266) Reykjavik 2010}) 14. Qxd3 b4 15. axb4 Nxb4 16. Qd2 d4 $36 {[%mdl 2048] White is under pressure.} 17. Na2 Rb8 {[%cal Ba8b8,Bb8b4,Bb4e4][%mdl 32]} (17... a5 {looks sharper.} 18. Kf1 Nc6 19. Nc1 Qd5 20. Nd3 Qe4) 18. Nxb4 Rxb4 19. c3 (19. Kf1 $11) 19... dxc3 $17 20. bxc3 Qxd2+ 21. Bxd2 {[#]} Re4+ $1 22. Kd1 O-O 23. Be3 Bb7 24. Bd4 Rg4 25. Rg3 Rxg3 26. fxg3 Ra8 27. Bb6 f6 28. exf6 Bxf6 29. Kd2 e5 {[%cal Be6e5,Be5e4,Be4e3][%mdl 32]} 30. Ra5 e4 31. Nd4 Rc8 (31... e3+ $5 32. Kxe3 Bxg2 $15) 32. Ra3 (32. Ne2 $1 $11 {remains equal.}) 32... Be7 33. Ra1 Bg5+ 34. Kc2 e3 {Threatens to win with ...Be4+.} 35. Kd3 Re8 36. c4 ({Better is} 36. Nf3 $15) 36... Bxg2 37. Re1 Be4+ 38. Kc3 Kf7 39. c5 Ke7 40. Bc7 Rc8 41. Bd6+ Kd7 42. Rf1 (42. Kc4 $17) 42... Bf6 $19 {And now ...Re8 would win.} 43. Re1 {[#]} Be5 $1 {[%cal Re5d6][%mdl 512]} 44. Bxe5 Rxc5+ 45. Kb4 (45. Kb2 {is a better defense.} Rxe5 46. Rxe3) 45... Rxe5 46. Rxe3 {[%mdl 4096] Endgame KRB-KRN} Kd6 47. g4 Kd5 48. Nb3 $2 (48. Kc3) 48... Bc2 {Black is clearly winning.} 49. Rc3 Bxb3 50. Rxb3 Ke4 51. Rc3 a5+ 52. Ka4 Rg5 (52... Kf4 $142 53. Rc1 Rg5 54. Rf1+ Kxg4) 53. Rc7 Kf4 {Precision: White = 35%, Black = 71%.} 0-1

[Event "10th Mumbai Mayors Cup 2017"]
[Site "Mumbai"]
[Date "2017.06.10"]
[Round "9"]
[White "Navalgund, Niranjan"]
[Black "Jishitha D"]
[Result "1-0"]
[WhiteElo "2351"]
[BlackElo "1933"]
[Annotator "NA"]
[PlyCount "103"]
[EventDate "2017.06.04"]
[EventType "swiss"]
[EventCountry "IND"]
[SourceTitle "playchess.com"]
[Source "ChessBase"]
[SourceQuality "1"]
[TimeControl "5400+30"]

1. d4 d5 2. Nf3 Nf6 3. c4 c6 4. g3 e6 5. Bg2 dxc4 6. O-O b5 7. b3 cxb3 8. Qxb3 a5 9. a4 b4 10. Ne5 Bb7 11. Bb2 Nfd7 12. Nd3 Be7 13. Nd2 O-O 14. Rac1 Nb6 15. Rfd1 Ba6 16. Ne4 Bxd3 17. Rxd3 Nd5 18. Nc5 Na6 19. Nxa6 Rxa6 20. e4 Nf6 21. Rd2 Qd7 22. Rdc2 h6 23. h3 Rc8 24. Rc4 Rb6 25. R1c2 Ra6 26. Bc1 Rb6 27. Be3 Rbb8 28. Rc1 Bf8 29. Kh2 Be7 30. R4c2 Bf8 31. f3 Ne8 32. f4 Nd6 33. g4 Nb7 34. e5 Nd8 35. Be4 c5 36. dxc5 Nc6 37. Rd2 Qc7 38. Kg2 Nxe5 39. fxe5 Qxe5 40. Bf3 Bxc5 41. Rdc2 Bxe3 42. Rxc8+ Rxc8 43. Rxc8+ Kh7 44. Qd3+ g6 45. Qe4 Qb2+ 46. Qc2 Qa1 47. Qd1 Qa2+ 48. Be2 b3 49. Rc7 Kg7 50. Qf1 Bf4 51. Qxf4 Qxe2+ 52. Qf2 1-0

[Event "10th Mumbai Mayors Cup 2017"]
[Site "Mumbai"]
[Date "2017.06.10"]
[Round "9"]
[White "Gajwa Ankit"]
[Black "Babujian, Levon"]
[Result "0-1"]
[WhiteElo "2309"]
[BlackElo "2438"]
[Annotator "TA"]
[PlyCount "78"]
[EventDate "2017.06.04"]
[EventType "swiss"]
[EventCountry "IND"]
[SourceTitle "playchess.com"]
[Source "ChessBase"]
[SourceQuality "1"]

{[%evp 25,78,28,64,8,22,13,10,9,28,17,22,22,100,0,0,-23,66,-74,-77,-75,-80,-177,-90,-330,-320,-345,-322,-329,-330,-302,-286,-594,-329,-335,-300,-347,-320,-566,-564,-538,-259,-957,-925,-2422,-1563,-2118,-2103,-12834,-1589,-12832,-9977,-3078,-3018,-2128,-2048]} 1. e4 e5 2. Nf3 Nc6 3. Bb5 {[%cal Bf1b5,Bb5a4,Ba4b3][%mdl 32]} a6 4. Ba4 Nf6 5. O-O Be7 6. Re1 b5 7. Bb3 O-O 8. a4 b4 9. d4 d6 10. dxe5 Nxe5 11. Nxe5 {C88: Closed Ruy Lopez: Anti-Marshall Systems} dxe5 12. Qf3 Bb7 13. Nd2 Kh8 {LiveBook: 3 Games} 14. Qf5 (14. Nc4 $14) 14... Bc5 $11 15. h3 (15. Qxe5 $2 {[#]} Bxf2+ $1 {[%mdl 512]} 16. Kf1 Bxe1 $19) 15... Qd4 16. Ba2 {[#]} Ba7 $146 ({Predecessor:} 16... Bb6 17. Nb3 Qc4 18. Na5 Bxe4 19. Nxc4 Bxf5 20. Nxe5 Bxc2 21. Nxf7+ Kg8 22. Nh6+ Kh8 23. Nf7+ Kg8 {½-½ (23) Akopian,V (2700)-Pashikian,A (2621) Budva 2009}) 17. Nb3 Qd6 18. Bg5 Rad8 (18... Rae8 $11) 19. Kh2 ({Better is} 19. Na5 $16 Bc8 20. Qf3) 19... h6 $36 {[%mdl 2048] [#] Black fights for an advantage.} 20. Rad1 $1 {[%mdl 512]} Bxe4 (20... Qe7 $11 21. Na5 Ba8 22. Bxf6 Qxf6) (20... Qxd1 21. Rxd1) 21. Rxd6 (21. Rxe4 $14 {is the one way to stay ahead.} Nxe4 22. Rxd6 Nxd6 23. Qxe5) 21... Bxf5 $17 22. Rxa6 Bxf2 23. Rxe5 (23. Rf1 $17 hxg5 24. Rxf2) 23... Ne4 (23... hxg5 $19 24. Rxf5 Ne4) 24. Bf4 $2 (24. Bxd8 $17 {was the only defense.} Bg3+ 25. Kg1 Rxd8 26. Ra8 (26. Rxf5 {leads to mate.} Rd1+ 27. Rf1 Bf2+ 28. Kh2 Rxf1 29. g4 Bg3+ 30. Kg2 Rf2+ 31. Kh1 Bh2 32. Ra8+ Kh7 33. Rh8+ Kxh8 34. h4 Ng3#) 26... Bf2+ 27. Kh2 Bg3+ 28. Kg1 Rxa8 29. Rxf5) 24... g5 $19 {[%cal Bg7g5,Bg5f4,Bf4g3][%mdl 32]} ({Not} 24... Rd1 25. g3 $17) 25. Rxf5 gxf4 26. g4 fxg3+ 27. Kg2 Kg7 28. Rf4 $2 (28. Re5 {is more resistant.} Ng5 29. Nc1) 28... Ng5 29. h4 Ne6 30. Rg4+ Kh7 31. Rxb4 $2 (31. Nc1 h5 32. Bxe6 hxg4 33. Bxg4) 31... Rd1 {Threatens to win with ...Rg8.} 32. Rg4 f5 (32... h5 $142 33. Rxg3 Bxg3 34. Kxg3 Rg8+ 35. Kf3 Rg4) 33. Rc4 $2 (33. Rxg3 Bb6 34. Rxb6 cxb6 35. Re3 Nf4+ 36. Kg3) 33... f4 {[%cal Bf5f4,Bf4f3][%mdl 32] Black is clearly winning.} 34. Rxe6 f3+ 35. Kh3 Rf7 {( -> ...g2)} 36. Rcc6 Rh1+ 37. Kg4 g2 {[%csl Gf2][%cal Rh1h4]} ({Weaker is} 37... Rxh4+ 38. Kxh4 g2+ 39. Kh5 $17) 38. Rxh6+ Kg7 39. Rhg6+ Kf8 {Precision: White = 30%, Black = 48%.} 0-1

[Event "10th Mumbai Mayors Cup 2017"]
[Site "Mumbai"]
[Date "2017.06.10"]
[Round "9"]
[White "Mohammad Fahad, Rahman"]
[Black "Rathanvel, V S"]
[Result "0-1"]
[WhiteElo "2305"]
[BlackElo "2332"]
[Annotator "NA"]
[PlyCount "62"]
[EventDate "2017.06.04"]
[EventType "swiss"]
[EventCountry "IND"]
[SourceTitle "playchess.com"]
[Source "ChessBase"]
[SourceQuality "1"]
[TimeControl "5400+30"]

1. c4 e5 2. g3 Nf6 3. Nc3 Bb4 4. Nd5 Nxd5 5. cxd5 O-O 6. a3 Ba5 7. Bg2 d6 8. e3 Bf5 9. b4 Bb6 10. d3 a5 11. Bb2 Qd7 12. e4 Bg6 13. Ne2 axb4 14. axb4 Rxa1 15. Bxa1 f5 16. Bh3 Qb5 17. O-O fxe4 18. Be6+ Kh8 19. d4 Qd3 20. Nc1 Qxd1 21. Rxd1 Na6 22. Na2 c6 23. dxc6 bxc6 24. Rd2 Nc7 25. Bd7 Nb5 26. Bxc6 Nxd4 27. Bxd4 exd4 28. Kg2 e3 29. fxe3 dxe3 30. Rxd6 Be4+ 31. Bxe4 e2 0-1

[Event "10th Mumbai Mayors Cup 2017"]
[Site "Mumbai"]
[Date "2017.06.10"]
[Round "9"]
[White "Ziatdinov, Raset"]
[Black "Shubham, Lakudkar"]
[Result "1-0"]
[WhiteElo "2301"]
[BlackElo "2001"]
[Annotator "NA"]
[PlyCount "63"]
[EventDate "2017.06.04"]
[EventType "swiss"]
[EventCountry "IND"]
[SourceTitle "playchess.com"]
[Source "ChessBase"]
[SourceQuality "1"]
[TimeControl "5400+30"]

1. e4 d5 2. exd5 Qxd5 3. Nc3 Qd6 4. d4 Nf6 5. Nf3 a6 6. Be2 g6 7. O-O Bg7 8. Bg5 Bf5 9. Ne5 c5 10. Nc4 Qxd4 11. Qe1 Qd8 12. Rd1 Nbd7 13. Bf3 O-O 14. Bxb7 Ra7 15. Bc6 Qb8 16. Qd2 Ng4 17. Bf4 Qb4 18. Nd5 Qxc4 19. Nxe7+ Kh8 20. Nxf5 gxf5 21. b3 Qd4 22. Qc1 Qf6 23. Bxd7 Qg6 24. Rd5 Nf6 25. Bxf5 Qh5 26. Rxc5 Rg8 27. Qe3 Bf8 28. Qe5 Bg7 29. Bd3 Qh4 30. Bg5 Nd7 31. Bxh4 Bxe5 32. Rxe5 1-0

[Event "10th Mumbai Mayors Cup 2017"]
[Site "Mumbai"]
[Date "2017.06.10"]
[Round "9"]
[White "Kulkarni Bhakti"]
[Black "Nayak Rajesh"]
[Result "1/2-1/2"]
[WhiteElo "2292"]
[BlackElo "2092"]
[Annotator "NA"]
[PlyCount "88"]
[EventDate "2017.06.04"]
[EventType "swiss"]
[EventCountry "IND"]
[SourceTitle "playchess.com"]
[Source "ChessBase"]
[SourceQuality "1"]
[TimeControl "5400+30"]

1. d4 Nf6 2. c4 g6 3. Nc3 Bg7 4. Nf3 d6 5. g3 O-O 6. Bg2 Nc6 7. O-O a6 8. e4 Rb8 9. h3 b5 10. cxb5 axb5 11. Re1 b4 12. Nd5 Nd7 13. Bg5 h6 14. Qc1 hxg5 15. Qxc6 e6 16. Ne3 Bb7 17. Qc2 c5 18. d5 exd5 19. Nxd5 Bxd5 20. exd5 Ne5 21. Nd2 Re8 22. Re2 f5 23. Rae1 Bh6 24. Nc4 Qc7 25. g4 Bg7 26. gxf5 gxf5 27. Qxf5 Qe7 28. Nxd6 Qxd6 29. Qxg5 Kf8 30. f4 Ng6 31. Re6 Rxe6 32. Rxe6 Qxf4 33. Rxg6 Qxg5 34. Rxg5 c4 35. d6 c3 36. bxc3 bxc3 37. Rf5+ Ke8 38. Bc6+ Kd8 39. Ba4 Ra8 40. Rf4 Bh6 41. Re4 Rxa4 42. Rxa4 c2 43. Rc4 c1=Q+ 44. Rxc1 Bxc1 1/2-1/2

[Event "10th Mumbai Mayors Cup 2017"]
[Site "Mumbai"]
[Date "2017.06.10"]
[Round "9"]
[White "Raahul V S"]
[Black "Barath Kalyan M"]
[Result "1-0"]
[WhiteElo "2282"]
[BlackElo "2014"]
[Annotator "NA"]
[PlyCount "131"]
[EventDate "2017.06.04"]
[EventType "swiss"]
[EventCountry "IND"]
[SourceTitle "playchess.com"]
[Source "ChessBase"]
[SourceQuality "1"]
[TimeControl "5400+30"]

1. c4 e5 2. Nc3 Nf6 3. g3 Bb4 4. Bg2 O-O 5. Nf3 Re8 6. O-O Nc6 7. Nd5 Bc5 8. e3 e4 9. Ne1 Nxd5 10. cxd5 Nb4 11. Qb3 c6 12. dxc6 dxc6 13. a3 Nd3 14. Nxd3 Qxd3 15. Qxd3 exd3 16. b4 Bd6 17. Bb2 a5 18. Bc3 Be5 19. Bxe5 Rxe5 20. Rfb1 f5 21. bxa5 Be6 22. Rxb7 Rexa5 23. Bxc6 Rxa3 24. Rb8+ Rxb8 25. Rxa3 Rb1+ 26. Kg2 Bc4 27. Rc3 Ba6 28. Bd5+ Kf8 29. Ra3 Rb6 30. e4 fxe4 31. Bxe4 h6 32. Bxd3 Bb7+ 33. Kf1 Bf3 34. Bf5 Bd5 35. Ke2 Kf7 36. d3 Kf6 37. Be4 Be6 38. Ke3 Rb2 39. Ra6 Ke7 40. h4 Bf7 41. d4 Bc4 42. Ra7+ Kf6 43. d5 Re2+ 44. Kd4 Bb5 45. Rb7 Be8 46. Rb6+ Ke7 47. f3 Rg2 48. g4 h5 49. d6+ Kf8 50. Rb8 Rd2+ 51. Kc5 Kf7 52. Bd5+ Rxd5+ 53. Kxd5 hxg4 54. Rxe8 Kxe8 55. fxg4 Kd7 56. h5 Kd8 57. Ke6 Ke8 58. g5 Kd8 59. d7 Kc7 60. Ke7 Kb7 61. d8=Q Ka7 62. Qa5+ Kb7 63. Qb5+ Ka7 64. Kd7 Ka8 65. Kc7 Ka7 66. Qb7# 1-0

[Event "10th Mumbai Mayors Cup 2017"]
[Site "Mumbai"]
[Date "2017.06.10"]
[Round "9"]
[White "Sauravh, Khherdekar"]
[Black "Das, Sayantan"]
[Result "1-0"]
[WhiteElo "2230"]
[BlackElo "2401"]
[Annotator "NA"]
[PlyCount "90"]
[EventDate "2017.06.04"]
[EventType "swiss"]
[EventCountry "IND"]
[SourceTitle "playchess.com"]
[Source "ChessBase"]
[SourceQuality "1"]
[TimeControl "5400+30"]

1. d4 d5 2. Bf4 Nf6 3. e3 c5 4. Nc3 cxd4 5. exd4 a6 6. Nf3 Nc6 7. Ne5 e6 8. Be2 Be7 9. O-O O-O 10. Nxc6 bxc6 11. Na4 Nd7 12. c4 Nb6 13. c5 Nd7 14. Re1 Re8 15. Rc1 Bf8 16. Bg3 g6 17. Qb3 Ra7 18. Nb6 Bg7 19. Nxd7 Bxd7 20. Qc3 a5 21. Bd3 Rb7 22. Be5 Bxe5 23. Rxe5 Qb8 24. b3 Rb4 25. Bc2 f6 26. Ree1 e5 27. dxe5 fxe5 28. a3 Rb5 29. Rcd1 d4 30. Qg3 Kg7 31. Rc1 Bc8 32. h4 Kh8 33. h5 gxh5 34. Qg5 Qc7 35. Qxh5 Re7 36. Bxh7 Rxh7 37. Qe8+ Kg7 38. Rxe5 Kf6 39. Rce1 Qd7 40. Qf8+ Kg6 41. f4 Qg4 42. Rg5+ Qxg5 43. fxg5 Rf7 44. Qxc8 Rxc5 45. Qe6+ Kg7 1-0

[Event "10th Mumbai Mayors Cup 2017"]
[Site "Mumbai"]
[Date "2017.06.10"]
[Round "9"]
[White "Aditya Mittal"]
[Black "Harshavardhan G B"]
[Result "1-0"]
[WhiteElo "2211"]
[BlackElo "1978"]
[Annotator "NA"]
[PlyCount "113"]
[EventDate "2017.06.04"]
[EventType "swiss"]
[EventCountry "IND"]
[SourceTitle "playchess.com"]
[Source "ChessBase"]
[SourceQuality "1"]
[TimeControl "5400+30"]

1. d4 Nf6 2. c4 e6 3. Nc3 Bb4 4. a3 Bxc3+ 5. bxc3 c5 6. f3 d6 7. e4 Nc6 8. Be3 b6 9. Bd3 e5 10. Ne2 h6 11. O-O g5 12. Ng3 Qc7 13. d5 Na5 14. a4 Bd7 15. Kf2 O-O-O 16. Rh1 Rdg8 17. h4 Qd8 18. hxg5 hxg5 19. Qc2 Ne8 20. Ke2 Ng7 21. Raf1 f6 22. Nf5 Nxf5 23. exf5 Qe8 24. g4 Bxa4 25. Qb1 Rxh1 26. Rxh1 Rh8 27. Bxg5 fxg5 28. f6 e4 29. Bxe4 Rf8 30. Rh7 Bd7 31. Re7 Rxf6 32. Rxe8+ Bxe8 33. Qh1 Rf7 34. Qh6 Nxc4 35. Qxg5 a5 36. Bg6 Rg7 37. Bf5+ Rd7 38. Qe7 Kc7 39. Qxe8 Rg7 40. Qf8 Rd7 41. Bxd7 Kxd7 42. g5 Ne5 43. f4 Ng6 44. Qf7+ Ne7 45. g6 a4 46. g7 Kd8 47. g8=Q+ Nxg8 48. Qxg8+ Kd7 49. Qa8 b5 50. f5 Ke7 51. Qh8 Kf7 52. f6 Kg6 53. Qg7+ Kf5 54. f7 Ke4 55. Qg5 b4 56. f8=Q bxc3 57. Qff4# 1-0

[Event "10th Mumbai Mayors Cup 2017"]
[Site "Mumbai"]
[Date "2017.06.10"]
[Round "9"]
[White "Mithil, Ajgaonkar"]
[Black "Sanjeev, Kumar"]
[Result "1-0"]
[WhiteElo "2203"]
[BlackElo "2076"]
[Annotator "NA"]
[PlyCount "113"]
[EventDate "2017.06.04"]
[EventType "swiss"]
[EventCountry "IND"]
[SourceTitle "playchess.com"]
[Source "ChessBase"]
[SourceQuality "1"]
[TimeControl "5400+30"]

1. d4 Nf6 2. Nf3 g6 3. g3 Bg7 4. Bg2 O-O 5. O-O d6 6. c4 Nbd7 7. Nc3 c6 8. e4 e5 9. h3 Re8 10. Be3 exd4 11. Nxd4 Nc5 12. Qc2 Qe7 13. Rfe1 Bd7 14. Nb3 Na6 15. Rad1 Be6 16. Qe2 Nd7 17. Nd4 Ne5 18. b3 c5 19. Ndb5 Rad8 20. Rd2 Nc7 21. Red1 Nc6 22. Nxc7 Qxc7 23. Nb5 Qb6 24. Nxd6 Rf8 25. Bg5 Nd4 26. Rxd4 Bxd4 27. Bxd8 Qxd6 28. Ba5 Qa6 29. Bc7 b6 30. Kh2 Qc8 31. Bf4 Re8 32. Bh6 Qc7 33. Qf3 Qe7 34. Qf4 Bc8 35. Qd2 Bb7 36. Be3 Rd8 37. Qe2 Kg7 38. Bxd4+ cxd4 39. e5 Bxg2 40. Kxg2 a5 41. Qe4 d3 42. Rxd3 Rxd3 43. Qxd3 Qxe5 44. Qe3 Qd6 45. a3 a4 46. Qc3+ f6 47. b4 h5 48. h4 Qc6+ 49. Kg1 Qe4 50. c5 bxc5 51. Qxc5 Qe1+ 52. Kh2 Kf7 53. b5 Qa5 54. Qc6 Qd2 55. Kg2 Qb2 56. b6 Qxa3 57. b7 1-0

[Event "10th Mumbai Mayors Cup 2017"]
[Site "Mumbai"]
[Date "2017.06.10"]
[Round "9"]
[White "Arvind, Shastry"]
[Black "Chandreyee, Hajra"]
[Result "1-0"]
[WhiteElo "2190"]
[BlackElo "1997"]
[Annotator "NA"]
[PlyCount "66"]
[EventDate "2017.06.04"]
[EventType "swiss"]
[EventCountry "IND"]
[SourceTitle "playchess.com"]
[Source "ChessBase"]
[SourceQuality "1"]
[TimeControl "5400+30"]

1. d4 d5 2. Nf3 Nf6 3. c4 e6 4. Nc3 Be7 5. Bf4 O-O 6. e3 b6 7. Bd3 dxc4 8. Bxc4 Bb7 9. O-O Nbd7 10. Qe2 a6 11. a4 c5 12. h3 cxd4 13. exd4 Nb8 14. Rfd1 Nd5 15. Bxb8 Nxc3 16. bxc3 Bxf3 17. Qxf3 Qxb8 18. d5 e5 19. Qd3 Qa7 20. d6 Bh4 21. Qf5 g6 22. Qxe5 Bxf2+ 23. Kh1 Rad8 24. Rd3 Bc5 25. a5 b5 26. Bb3 Rd7 27. Rad1 Rfd8 28. h4 Bf2 29. Qf6 Re8 30. h5 gxh5 31. Rf3 Re2 32. Rf1 Rb2 33. Be6 Bh4 1-0

[Event "10th Mumbai Mayors Cup 2017"]
[Site "Mumbai"]
[Date "2017.06.10"]
[Round "9"]
[White "Jayakumaar S"]
[Black "Anisuzzaman, Jewel"]
[Result "1-0"]
[WhiteElo "2185"]
[BlackElo "1985"]
[Annotator "NA"]
[PlyCount "63"]
[EventDate "2017.06.04"]
[EventType "swiss"]
[EventCountry "IND"]
[SourceTitle "playchess.com"]
[Source "ChessBase"]
[SourceQuality "1"]
[TimeControl "5400+30"]

1. b3 d5 2. Bb2 Bg4 3. f3 Bh5 4. e4 e6 5. Qe2 c6 6. exd5 Qxd5 7. Nc3 Qa5 8. O-O-O Nf6 9. g4 Bg6 10. f4 Be7 11. Re1 Qd8 12. f5 exf5 13. Ba3 Ng8 14. h4 fxg4 15. Bxe7 Nxe7 16. h5 Bf5 17. Qe5 Kf8 18. h6 Rg8 19. Nge2 Nd7 20. hxg7+ Rxg7 21. Qd6 Nb6 22. Qa3 Kg8 23. Ng3 Be6 24. Nh5 a5 25. Nxg7 Kxg7 26. Qb2 Qd4 27. Bd3 Ng6 28. Re4 Qd8 29. Nd5+ Kf8 30. Nxb6 Qxb6 31. Rxe6 fxe6 32. Qf6+ 1-0